| 000 | 00734nam a2200241 i 4500 | ||
|---|---|---|---|
| 001 | bg | ||
| 245 | 0 | 0 |
_aInżynieria zarządzania przedsięwzięciami : _bpraca zbiorowa / _cpod red. Ludmiły Zawadzkiej. |
| 260 |
_aGdańsk : _bWydaw. Politechniki Gdańskiej, _c2003. |
||
| 300 |
_a114, [2] s. : _brys., wykr. ; _c24 cm. |
||
| 500 | _aStreszcz. ang. przy rozdz. | ||
| 504 | _aBibliogr. przy rozdz. | ||
| 650 | 9 |
_aPrzedsiębiorstwo _xorganizacja |
|
| 650 | 9 | _aZarządzanie | |
| 700 | 1 |
_aZAWADZKA, Ludmiła. _eRed. |
|
| 015 | _aPB 1503/2005 | ||
| 020 | _a8373480684 | ||
| 040 | _cBPK | ||
| 041 | 0 |
_apol _beng |
|
| 080 | _a658.1/.5.012.4 | ||
| 920 | _a83-7348-068-4 | ||
| 942 | _cKS | ||
| 008 | s pl f |000 0 pol | ||
| 999 |
_c45887 _d45887 |
||
| 856 |
_uhttp://koha.tu.koszalin.pl/cgi-bin/koha/opac-detail.pl?biblionumber=45887 _yKatalog online BPK |
||